000
00230nam a2200085Ia 4500
245
0
_a
Aya of Yop City
100
_a
Abouet, Marguerite, , 1971- London, 2009
_9
58624
942
_c
BK
008
210817s9999 xx 000 0 und d
999
_c
319114
_d
319113